000 012170000a22002290004500
020 _a978-1-4185-0329-1
041 0 _aInglés
082 0 4 _aG 253.5 C7121d
100 1 _aCollins, Gary R.
245 1 0 _aChristian counseling / Gary R, Collins
250 _a3
260 _aNashville, Dallas : Thomas Nelson
300 _a976 p.
501 _aRústico
505 0 0 _aLa comunidad cristiana y la consejería; la ética y la moral en la consejería; La depresión, ansiedad, ira, culpa y perdón, soledad, niñez, adolescencia, edad adulta; Conflicto y relaciones, sexo fuera del matrimonio; sexo dentro del matrimonio; homosexualidad; abuso y negligencia; inferioridad y autoestima; enfermedades físicas; el dolor; soltería; elección de un esposo; Consejería prematrimonial; problemas en el matrimonio; problemas en el embarazo; problemas en la familia; divorcio y re-casamiento; desordenes mentales; alcohol y sus problemas; adicciones; crisis; trauma, terror y terrorismo.
650 1 4 _aCONSEJERIA PASTORAL \ CONSEJERIA MATRIMONIAL \ CONSEJO DE FAMILIA
001 18303
942 _cBK
999 _c44754
_d44754
336 _atexto
_btxt
_2rdacontent
337 _2rdamedia
_asin mediación
_bn
338 _2rdacarrier
_avolumen
_bnc